[Event "ThankGibbons op-B"]
[Site "Winnipeg CAN"]
[Date "2008.10.26"]
[Round "4"]
[White "Campbell, Jamie"]
[Black "Gibbons, Lorne"]
[Result "1-0"]
[WhiteElo "1566"]
[BlackElo "1202"]
[PlyCount "123"]
[GameId "2160767910302854"]
[EventDate "2008.10.24"]
[EventType "swiss"]
[EventRounds "5"]
[EventCountry "CAN"]
[SourceTitle "EXT 2011"]
[Source "ChessBase"]
[SourceDate "2011.11.26"]
[SourceVersion "1"]
[SourceVersionDate "2011.11.26"]
[SourceQuality "1"]

1. Nf3 Nc6 2. g3 e5 3. d3 Bc5 4. Bg2 Nf6 5. O-O d6 6. Nbd2 Be6 7. c4 Qd7 8. Re1 h6 9. e3 O-O-O 10. a3 Bh3 11. b4 Bxg2 12. Kxg2 Bxe3 13. fxe3 Rh7 14. e4 g5 15. Nf1 Rg8 16. Ne3 g4 17. Nh4 Nd4 18. Nef5 Nxf5 19. Nxf5 h5 20. Nh4 Ne8 21. Rf1 a6 22. d4 f6 23. dxe5 fxe5 24. Qd5 Rgg7 25. Ra2 c6 26. Qd3 Rf7 27. Raf2 Rxf2+ 28. Rxf2 Rf7 29. Rxf7 Qxf7 30. Qf1 Qh7 31. Qf5+ Qxf5 32. Nxf5 Kd7 33. Bg5 Ke6 34. Ne3 Kd7 35. h3 gxh3+ 36. Kxh3 b6 37. Kh4 c5 38. bxc5 dxc5 39. Nf5 b5 40. cxb5 axb5 41. Kxh5 c4 42. Bd2 Nf6+ 43. Kg6 Nxe4 44. Bc1 c3 45. g4 Nd2 46. Bxd2 cxd2 47. Ne3 Ke6 48. Kh6 e4 49. g5 Ke5 50. g6 Kd4 51. Nd1 Kd3 52. g7 Kc2 53. Ne3+ Kd3 54. g8=Q Kxe3 55. Qg5+ Kd3 56. Qxb5+ Kc2 57. Qc4+ Kb2 58. Qb4+ Kc2 59. Qxe4+ Kb2 60. Qb4+ Kc2 61. Qd4 Kd1 62. a4 1-0

[Event "ThankGibbons op-B"]
[Site "Winnipeg CAN"]
[Date "2008.10.26"]
[Round "4"]
[White "Letain, Cory"]
[Black "Swift, Ryne"]
[Result "1/2-1/2"]
[WhiteElo "1484"]
[BlackElo "1472"]
[PlyCount "60"]
[GameId "2160767910302855"]
[EventDate "2008.10.24"]
[EventType "swiss"]
[EventRounds "5"]
[EventCountry "CAN"]
[SourceTitle "EXT 2011"]
[Source "ChessBase"]
[SourceDate "2011.11.26"]
[SourceVersion "1"]
[SourceVersionDate "2011.11.26"]
[SourceQuality "1"]

1. d4 d5 2. c4 c6 3. Nf3 Nf6 4. Nc3 e6 5. Bf4 Bd6 6. Bxd6 Qxd6 7. c5 Qc7 8. Ne5 Nbd7 9. Nxd7 Bxd7 10. e3 O-O 11. Bd3 e5 12. O-O Ng4 13. Be2 exd4 14. Bxg4 dxc3 15. bxc3 f5 16. Be2 Rae8 17. c4 Be6 18. Qb3 Kh8 19. cxd5 Bxd5 20. Bc4 Rd8 21. Bxd5 Rxd5 22. Rab1 Rb8 23. Qc4 Qe5 24. Rfc1 Qc7 25. Rb4 Qf7 26. Qf4 Rbd8 27. Rbb1 Qd7 28. h3 Rd2 29. Qb4 Rb8 30. Qf4 Rd8 1/2-1/2

[Event "ThankGibbons op-B"]
[Site "Winnipeg CAN"]
[Date "2008.10.26"]
[Round "4"]
[White "Lipic, Stephen"]
[Black "Wood, Nathaniel"]
[Result "0-1"]
[WhiteElo "1599"]
[BlackElo "1574"]
[PlyCount "116"]
[GameId "2160767910302856"]
[EventDate "2008.10.24"]
[EventType "swiss"]
[EventRounds "5"]
[EventCountry "CAN"]
[SourceTitle "EXT 2011"]
[Source "ChessBase"]
[SourceDate "2011.11.26"]
[SourceVersion "1"]
[SourceVersionDate "2011.11.26"]
[SourceQuality "1"]

1. f4 Nf6 2. Nf3 d6 3. e3 g6 4. d3 Bg7 5. Be2 Nbd7 6. O-O O-O 7. Nc3 Re8 8. Qd2 e5 9. fxe5 Nxe5 10. b3 Neg4 11. e4 d5 12. Rb1 dxe4 13. Nxe4 Nxe4 14. dxe4 Qxd2 15. Nxd2 Bd4+ 16. Kh1 Nf2+ 17. Kg1 Nxe4+ 18. Kh1 Nxd2 19. Bxd2 Rxe2 20. Rbd1 Bg7 21. Bf4 Be6 22. Bxc7 Rc8 23. Bf4 Rexc2 24. Rf3 Bg4 25. Rfd3 Bxd1 26. Rxd1 Rxa2 27. h4 Re2 28. g3 Rce8 29. Rd3 h5 30. Rd7 R2e7 31. Rd3 Be5 32. Be3 a5 33. Bb6 Bc7 34. Bc5 Re1+ 35. Kg2 Rd8 36. Rc3 Be5 37. Rc4 b5 38. Rc2 Red1 39. Kf3 R8d2 40. Rxd2 Rxd2 41. Bb6 a4 42. bxa4 bxa4 43. Ke3 Rb2 44. Bc5 a3 45. Bxa3 Rb3+ 46. Ke4 Rxa3 47. Kxe5 Rxg3 48. Kf6 Rg4 49. Ke5 Rxh4 50. Kf6 Ra4 51. Kg5 h4 52. Kh6 h3 53. Kg5 h2 54. Kh6 h1=Q+ 55. Kg5 Qh5+ 56. Kf6 Qf5+ 57. Ke7 Ra7+ 58. Kd8 Qd7# 0-1

[Event "ThankGibbons op-B"]
[Site "Winnipeg CAN"]
[Date "2008.10.26"]
[Round "4"]
[White "Remillard, John"]
[Black "Gannon, Keith"]
[Result "1/2-1/2"]
[WhiteElo "1625"]
[BlackElo "1638"]
[PlyCount "82"]
[GameId "2160767910302857"]
[EventDate "2008.10.24"]
[EventType "swiss"]
[EventRounds "5"]
[EventCountry "CAN"]
[SourceTitle "EXT 2011"]
[Source "ChessBase"]
[SourceDate "2011.11.26"]
[SourceVersion "1"]
[SourceVersionDate "2011.11.26"]
[SourceQuality "1"]

1. e4 e5 2. Nf3 d6 3. Bc4 Be7 4. d4 Nd7 5. dxe5 Nxe5 6. Nxe5 dxe5 7. Qxd8+ Bxd8 8. O-O Nf6 9. Nc3 O-O 10. Bg5 c6 11. Rad1 Be7 12. Rd2 Re8 13. Rfd1 Bg4 14. f3 Bh5 15. Bxf6 Bxf6 16. Rd7 Rab8 17. a4 Be7 18. g4 Bg6 19. Kg2 h5 20. h3 hxg4 21. hxg4 a6 22. Ne2 b5 23. axb5 axb5 24. Bd3 c5 25. Nc3 c4 26. Be2 f6 27. Nxb5 Bf7 28. Nc7 Kf8 29. Nxe8 Bxe8 30. Rxe7 Kxe7 31. Bxc4 Rxb2 32. Bb3 Bf7 33. Bxf7 Rxc2+ 34. Kg3 Kxf7 35. Rd7+ Kg6 36. Rd3 Rc1 37. Rd2 Rg1+ 38. Kf2 Ra1 39. Kg3 Rg1+ 40. Kf2 Ra1 41. Kg3 Rg1+ 1/2-1/2

[Event "ThankGibbons op-B"]
[Site "Winnipeg CAN"]
[Date "2008.10.26"]
[Round "5"]
[White "Swift, Ryne"]
[Black "Remillard, John"]
[Result "1-0"]
[WhiteElo "1472"]
[BlackElo "1625"]
[PlyCount "65"]
[GameId "2160767910302858"]
[EventDate "2008.10.24"]
[EventType "swiss"]
[EventRounds "5"]
[EventCountry "CAN"]
[SourceTitle "EXT 2011"]
[Source "ChessBase"]
[SourceDate "2011.11.26"]
[SourceVersion "1"]
[SourceVersionDate "2011.11.26"]
[SourceQuality "1"]

1. e4 e5 2. Nf3 Nc6 3. d4 exd4 4. Nxd4 Nxd4 5. Qxd4 Ne7 6. Nc3 Nc6 7. Qd1 Bc5 8. Bb5 O-O 9. O-O Nd4 10. Bc4 c6 11. Be3 Qf6 12. Na4 Nxc2 13. Qxc2 Be7 14. Nc3 b5 15. Be2 Qe6 16. a3 Bb7 17. Rfd1 Rac8 18. Qd2 d5 19. exd5 cxd5 20. Nxb5 Bc5 21. Nxa7 Bxa7 22. Bxa7 Rfd8 23. Bd4 Qg6 24. Rac1 h5 25. Rxc8 Bxc8 26. Qd3 Bf5 27. Qg3 Qh7 28. Bxh5 Re8 29. Bc3 g6 30. Bf3 Be4 31. Bxe4 dxe4 32. Qe5 Kf8 33. Bb4+ 1-0

[Event "ThankGibbons op-B"]
[Site "Winnipeg CAN"]
[Date "2008.10.26"]
[Round "5"]
[White "Wood, Nathaniel"]
[Black "Campbell, Jamie"]
[Result "1-0"]
[WhiteElo "1574"]
[BlackElo "1566"]
[PlyCount "31"]
[GameId "2160767910302859"]
[EventDate "2008.10.24"]
[EventType "swiss"]
[EventRounds "5"]
[EventCountry "CAN"]
[SourceTitle "EXT 2011"]
[Source "ChessBase"]
[SourceDate "2011.11.26"]
[SourceVersion "1"]
[SourceVersionDate "2011.11.26"]
[SourceQuality "1"]

1. e4 e5 2. f4 Bc5 3. Nf3 d6 4. Bc4 Bg4 5. Nc3 Nf6 6. fxe5 dxe5 7. Bxf7+ Ke7 8. Bb3 Rf8 9. d3 Qd6 10. Na4 Nc6 11. Nxc5 Qxc5 12. c3 Rad8 13. Qe2 Qd6 14. Be3 Qxd3 15. Qxd3 Rxd3 16. Bc5+ 1-0

[Event "Thanksgiving op"]
[Site "Toronto CAN"]
[Date "2008.10.11"]
[Round "1.7"]
[White "Zeromskis, Egidijus"]
[Black "Barron, Irina"]
[Result "0-1"]
[WhiteElo "2243"]
[BlackElo "2022"]
[PlyCount "116"]
[GameId "2160767910303012"]
[EventDate "2008.10.11"]
[EventType "swiss"]
[EventRounds "6"]
[EventCountry "CAN"]

1. e4 c5 2. Nc3 Nc6 3. g3 g6 4. Bg2 Bg7 5. d3 e5 6. Be3 d6 7. Qd2 Nge7 8. Bh6 O-O 9. h4 f6 10. Bxg7 Kxg7 11. h5 g5 12. h6+ Kh8 13. O-O-O Rb8 14. Nd5 Nxd5 15. exd5 Ne7 16. f4 gxf4 17. gxf4 Ng6 18. fxe5 fxe5 19. Be4 Bg4 20. Re1 Nf4 21. Kb1 b5 22. Nf3 b4 23. Reg1 Rg8 24. Qh2 Qf6 25. Nd2 Bh5 26. Rf1 Bg6 27. Rhg1 Bxe4 28. Nxe4 Qe7 29. Rg7 Rxg7 30. hxg7+ Qxg7 31. Nxd6 Rg8 32. Nf5 Qd7 33. Ne3 Rg6 34. b3 Kg8 35. Qh1 Qg7 36. Nf5 Qf6 37. Qe4 Rg5 38. Ne3 Qg6 39. Qc4 Qd6 40. Qb5 Kf7 41. Qb7+ Qe7 42. Qb8 Rg8 43. Qb5 Rg5 44. Nc4 Rg6 45. d6 Rxd6 46. Nxd6+ Qxd6 47. Qb7+ Qe7 48. Qe4 h5 49. Rg1 Ke6 50. Rg8 h4 51. Qc6+ Kf5 52. Qf3 h3 53. Qg4+ Kf6 54. Rg5 Qh7 55. Rg8 h2 56. Rf8+ Ke7 57. Qc8 h1=Q+ 58. Kb2 Nxd3+ 0-1

[Event "Thanksgiving op"]
[Site "Toronto CAN"]
[Date "2008.10.11"]
[Round "2.8"]
[White "Wu, Kevin"]
[Black "Zeromskis, Egidijus"]
[Result "0-1"]
[WhiteElo "2000"]
[BlackElo "2243"]
[PlyCount "64"]
[GameId "2160767910303013"]
[EventDate "2008.10.11"]
[EventType "swiss"]
[EventRounds "6"]
[EventCountry "CAN"]

1. e4 Nf6 2. e5 Nd5 3. d4 d6 4. exd6 cxd6 5. Nf3 g6 6. Bc4 Nb6 7. Bb3 Bg7 8. h3 O-O 9. O-O Nc6 10. Be3 Na5 11. Nc3 Nbc4 12. Qc1 Nxb3 13. axb3 Nxe3 14. fxe3 d5 15. Ne2 Bf5 16. Ng3 Bd7 17. c3 Qb6 18. Ra3 Qd6 19. Qe1 Bh6 20. Ne5 Be6 21. Kh1 Rfc8 22. Qf2 f6 23. Nd3 b6 24. Re1 Rxc3 25. Rxa7 Rxa7 26. bxc3 Qc7 27. Ne2 Ra2 28. Rb1 Bf5 29. Rd1 Be4 30. Kg1 Qa7 31. g4 Bxd3 32. Rxd3 Qa6 0-1

[Event "Thanksgiving op"]
[Site "Toronto CAN"]
[Date "2008.10.13"]
[Round "3.5"]
[White "Zeromskis, Egidijus"]
[Black "Inigo, Aquino"]
[Result "1-0"]
[WhiteElo "2243"]
[BlackElo "1976"]
[PlyCount "105"]
[GameId "2160767910303014"]
[EventDate "2008.10.11"]
[EventType "swiss"]
[EventRounds "6"]
[EventCountry "CAN"]

1. e4 c5 2. Nc3 d6 3. g3 Nf6 4. Bg2 g6 5. d3 Bg7 6. Be3 O-O 7. h3 e6 8. Qd2 Nc6 9. Bh6 Rb8 10. Bxg7 Kxg7 11. f4 d5 12. e5 Nd7 13. Nf3 f6 14. exf6+ Nxf6 15. O-O d4 16. Ne4 Nxe4 17. dxe4 Qa5 18. Qxa5 Nxa5 19. b4 cxb4 20. Nxd4 Nc4 21. e5 Kf7 22. Rfe1 Rd8 23. Nf3 Ke7 24. Ng5 Rd2 25. Be4 Bd7 26. Nf3 Bc6 27. Nxd2 Nxd2 28. Bxc6 bxc6 29. Re3 Nc4 30. Rd3 Nb6 31. a3 Nd5 32. axb4 Rb7 33. c3 Rc7 34. Ra5 Nb6 35. Rd4 Nd7 36. Kg2 Nb6 37. c4 Nd7 38. c5 Ke8 39. Kf3 Ke7 40. Rd3 Rb7 41. Rd4 Rc7 42. Ke4 Nb8 43. Ra3 Rb7 44. g4 Nd7 45. h4 Rc7 46. Rad3 Rb7 47. Rxd7+ Rxd7 48. Rxd7+ Kxd7 49. f5 Ke8 50. f6 Kf7 51. Kd4 h6 52. Kc4 g5 53. hxg5 1-0

[Event "Thanksgiving op"]
[Site "Toronto CAN"]
[Date "2008.10.13"]
[Round "4.4"]
[White "Yuan, Yuanling"]
[Black "Zeromskis, Egidijus"]
[Result "0-1"]
[WhiteElo "2209"]
[BlackElo "2243"]
[PlyCount "104"]
[GameId "2160767910303015"]
[EventDate "2008.10.11"]
[EventType "swiss"]
[EventRounds "6"]
[EventCountry "CAN"]

1. e4 Nf6 2. e5 Nd5 3. d4 d6 4. Nf3 g6 5. Be2 Bg7 6. O-O O-O 7. c4 Nb6 8. Nc3 Nc6 9. exd6 cxd6 10. Be3 Bg4 11. b3 h6 12. Qd2 Kh7 13. h3 Bf5 14. Nh4 Bd7 15. f4 e6 16. Nf3 Ne7 17. Rad1 Rc8 18. Ne4 Bc6 19. Ng3 Nd7 20. h4 Nf6 21. h5 Ne4 22. Nxe4 Bxe4 23. Qe1 d5 24. Nd2 Nf5 25. Bf2 Bc2 26. Rc1 Nxd4 27. Kh1 Bf5 28. g4 Be4+ 29. Nxe4 dxe4 30. hxg6+ fxg6 31. Bg3 e5 32. fxe5 Qg5 33. Rd1 Rxf1+ 34. Bxf1 Bxe5 35. Bg2 e3 36. Rd3 e2 37. Bxe5 Qxe5 38. Rxd4 Qxd4 39. Qxe2 Rc7 40. Kh2 Qd6+ 41. Kh1 Re7 42. Qf3 b6 43. Bf1 Qd2 44. Qf6 Qe1 45. Kg1 Qe5 46. Qh4 Qe3+ 47. Kh1 Qe4+ 48. Kg1 g5 49. Qh5 Qf3 50. Qh2 Qxg4+ 51. Kh1 Qh4 52. Bh3 Re1+ 0-1

[Event "Thanksgiving op"]
[Site "Toronto CAN"]
[Date "2008.10.13"]
[Round "5.2"]
[White "Zeromskis, Egidijus"]
[Black "Thavandiran, Shiyam"]
[Result "0-1"]
[WhiteElo "2243"]
[BlackElo "2423"]
[PlyCount "124"]
[GameId "2160767910303016"]
[EventDate "2008.10.11"]
[EventType "swiss"]
[EventRounds "6"]
[EventCountry "CAN"]

1. e4 e6 2. d3 d5 3. Nd2 c5 4. g3 Bd6 5. Bg2 Ne7 6. Ngf3 Nbc6 7. O-O O-O 8. Re1 Rb8 9. a4 b6 10. Nf1 Ba6 11. h4 Qc7 12. Ng5 h6 13. Nh3 c4 14. dxc4 dxc4 15. Qh5 c3 16. Nh2 cxb2 17. Bxb2 Be5 18. c3 Na5 19. Ng4 Nc4 20. Nxe5 Qxe5 21. Qxe5 Nxe5 22. Ba3 Rb7 23. a5 Bc4 24. axb6 axb6 25. Reb1 b5 26. f4 N5c6 27. Nf2 Ra7 28. Bc5 Ra4 29. Bf1 Bxf1 30. Kxf1 Rfa8 31. Rxa4 bxa4 32. Ra1 f5 33. exf5 Nxf5 34. Ne4 e5 35. Bf2 exf4 36. gxf4 a3 37. Ra2 Ra4 38. Nc5 Rxf4 39. Rxa3 Nxh4 40. Ra8+ Kf7 41. Rc8 Ne5 42. Rf8+ Kxf8 43. Ne6+ Kf7 44. Nxf4 Nf5 45. Kg2 g5 46. Nh3 Ke6 47. Be1 Ne3+ 48. Kg3 Kf5 49. c4 N3xc4 50. Bc3 Nd3 51. Ng1 Nd6 52. Bg7 h5 53. Ne2 h4+ 54. Kh2 Kg4 55. Bf6 Ne4 56. Bd8 Ne1 57. Bc7 Nd3 58. Bd8 Nd2 59. Nd4 Nf4 60. Kh1 Ne4 61. Nc2 Kh3 62. Ne3 Ne2 0-1

[Event "Thanksgiving op"]
[Site "Toronto CAN"]
[Date "2008.10.14"]
[Round "6.3"]
[White "Sapozhnikov, Roman"]
[Black "Zeromskis, Egidijus"]
[Result "1/2-1/2"]
[WhiteElo "2232"]
[BlackElo "2243"]
[PlyCount "82"]
[GameId "2160767910303017"]
[EventDate "2008.10.11"]
[EventType "swiss"]
[EventRounds "6"]
[EventCountry "CAN"]

1. e4 Nf6 2. e5 Nd5 3. d4 d6 4. c4 Nb6 5. exd6 cxd6 6. Nc3 g6 7. Be3 Bg7 8. Rc1 O-O 9. b3 Nc6 10. d5 Ne5 11. Be2 a5 12. f4 Ned7 13. Nf3 Nf6 14. Nd4 Nbd7 15. O-O Nc5 16. Bf3 Bd7 17. a3 Na6 18. Rb1 Rc8 19. Qe2 a4 20. b4 Qc7 21. b5 Nc5 22. Rfc1 b6 23. g4 e5 24. dxe6 fxe6 25. Nc6 Rce8 26. Qd1 Bc8 27. Rc2 Nfd7 28. Qe2 Bb7 29. Rd1 Rf7 30. Ne4 Nxe4 31. Bxe4 Nc5 32. Bg2 Ref8 33. Rcd2 Bxc6 34. Bxc6 Rd8 35. Kg2 Nb3 36. Rd3 Na5 37. Qf2 Nxc4 38. Rc1 Nxe3+ 39. Qxe3 Qe7 40. Re1 Kf8 41. Qxe6 Qxe6 1/2-1/2

[Event "Thanksgiving op U2100"]
[Site "Toronto CAN"]
[Date "2008.10.11"]
[Round "1"]
[White "Armstrong, Robert J"]
[Black "Rakov, Pavel"]
[Result "0-1"]
[WhiteElo "1834"]
[BlackElo "1982"]
[PlyCount "100"]
[GameId "2160767910303018"]
[EventDate "2008.10.11"]
[EventType "swiss"]
[EventRounds "6"]
[EventCountry "CAN"]
[SourceTitle "EXT 2011"]
[Source "ChessBase"]
[SourceDate "2011.11.26"]
[SourceVersion "1"]
[SourceVersionDate "2011.11.26"]
[SourceQuality "1"]

1. d4 d5 2. c4 c6 3. e3 Nf6 4. Nf3 e6 5. Bd3 Nbd7 6. O-O dxc4 7. Bxc4 b5 8. Bd3 Bb7 9. a3 a6 10. b4 a5 11. bxa5 Rxa5 12. Bb2 Be7 13. Nbd2 Qa8 14. Qc1 O-O 15. Nb3 Ra7 16. Nc5 Rd8 17. Rd1 Nxc5 18. dxc5 Rd5 19. Bd4 Ra4 20. Ne5 Bxc5 21. Nxf7 Bxd4 22. Nh6+ gxh6 23. exd4 Qf8 24. Qe3 Bc8 25. Bc2 Ra7 26. Bb3 Rg5 27. Bxe6+ Kg7 28. Bxc8 Qxc8 29. d5 c5 30. Rac1 Qg4 31. g3 Rc7 32. d6 Rd7 33. f3 Qh5 34. Re1 Rd5 35. Rcd1 R7xd6 36. Qe7+ Qf7 37. Qxd6 Rxd6 38. Rxd6 c4 39. Kg2 c3 40. Rc6 Qd7 41. Ree6 c2 42. Rxf6 c1=Q 43. Rxc1 Kxf6 44. Rb1 Qd2+ 45. Kh3 Qd3 46. Rb4 Ke7 47. Kg4 Qxa3 48. Re4+ Kf7 49. f4 b4 50. f5 b3 0-1

[Event "Thanksgiving op U2100"]
[Site "Toronto CAN"]
[Date "2008.10.11"]
[Round "2"]
[White "Armstrong, Robert J"]
[Black "Arfin, Sam"]
[Result "1/2-1/2"]
[WhiteElo "1834"]
[BlackElo "1902"]
[PlyCount "82"]
[GameId "2160767910303019"]
[EventDate "2008.10.11"]
[EventType "swiss"]
[EventRounds "6"]
[EventCountry "CAN"]
[SourceTitle "EXT 2011"]
[Source "ChessBase"]
[SourceDate "2011.11.26"]
[SourceVersion "1"]
[SourceVersionDate "2011.11.26"]
[SourceQuality "1"]

1. d4 d5 2. c4 c6 3. e3 Nf6 4. Nf3 Bf5 5. Bd3 Bg6 6. Nc3 e6 7. cxd5 exd5 8. Bxg6 hxg6 9. O-O Bd6 10. h3 Nbd7 11. Qc2 Qe7 12. e4 dxe4 13. Re1 O-O-O 14. Bg5 Qf8 15. Nxe4 Re8 16. Nxd6+ Qxd6 17. Qa4 Kb8 18. Ne5 Qd5 19. Rac1 Ka8 20. Rc3 Nb6 21. Qa3 Ne4 22. Rb3 Nxg5 23. Rxb6 Qxd4 24. Rb4 Qc5 25. Qc3 Qxc3 26. bxc3 f6 27. Nd3 Rxe1+ 28. Nxe1 Re8 29. Nd3 Ne6 30. Kf1 b5 31. a4 a6 32. axb5 axb5 33. c4 bxc4 34. Rxc4 Kb7 35. Re4 Kc7 36. Nf4 Kd6 37. Nxg6 Kd5 38. Re2 Ra8 39. Ne7+ Kd6 40. Nf5+ Kd7 41. Rd2+ Kc7 1/2-1/2

[Event "Thanksgiving op U2100"]
[Site "Toronto CAN"]
[Date "2008.10.12"]
[Round "3"]
[White "Chidley-Hill, John"]
[Black "Armstrong, Robert J"]
[Result "0-1"]
[WhiteElo "1928"]
[BlackElo "1834"]
[PlyCount "68"]
[GameId "2160767910303020"]
[EventDate "2008.10.11"]
[EventType "swiss"]
[EventRounds "6"]
[EventCountry "CAN"]
[SourceTitle "EXT 2011"]
[Source "ChessBase"]
[SourceDate "2011.11.26"]
[SourceVersion "1"]
[SourceVersionDate "2011.11.26"]
[SourceQuality "1"]

1. d4 g6 2. c4 Bg7 3. Nc3 Nf6 4. e4 d6 5. Nge2 O-O 6. Ng3 Nc6 7. Be2 e5 8. Nb5 exd4 9. Nxd4 Re8 10. f3 Nxd4 11. Qxd4 Nxe4 12. Qd1 Nxg3 13. hxg3 Qe7 14. Kf2 c5 15. Bd3 Bd4+ 16. Kf1 Qf6 17. Rb1 Bd7 18. b4 cxb4 19. Rxb4 Bc3 20. Bd2 Bxb4 21. Bxb4 Re3 22. Rh4 Rae8 23. Kg1 Bc6 24. Bf1 Qe5 25. Rd4 Bxf3 26. gxf3 Qxg3+ 27. Kh1 R8e5 28. f4 Rh5+ 29. Qxh5 gxh5 30. Rxd6 Rf3 31. Rd8+ Kg7 32. Bf8+ Kg6 33. Rd6+ f6 34. Bg2 Rf2 0-1

[Event "Thanksgiving op U2100"]
[Site "Toronto CAN"]
[Date "2008.10.12"]
[Round "4"]
[White "Shah, Omar"]
[Black "Armstrong, Robert J"]
[Result "1-0"]
[WhiteElo "2003"]
[BlackElo "1834"]
[PlyCount "83"]
[GameId "2160767910303021"]
[EventDate "2008.10.11"]
[EventType "swiss"]
[EventRounds "6"]
[EventCountry "CAN"]
[SourceTitle "EXT 2011"]
[Source "ChessBase"]
[SourceDate "2011.11.26"]
[SourceVersion "1"]
[SourceVersionDate "2011.11.26"]
[SourceQuality "1"]

1. e4 g6 2. d4 Bg7 3. Nc3 d6 4. Be3 Nf6 5. f3 O-O 6. Qd2 c6 7. Bh6 b5 8. a3 a5 9. h4 Bb7 10. h5 Nbd7 11. Bxg7 Kxg7 12. hxg6 fxg6 13. Qh6+ Kg8 14. e5 dxe5 15. O-O-O exd4 16. Rxd4 Re8 17. Ne4 Qc7 18. Ng5 Nf8 19. Bd3 e5 20. Qh2 Re7 21. Rh4 Rg7 22. N1h3 Rd8 23. Nf2 Rd4 24. c3 Rxh4 25. Qxh4 Qe7 26. Bb1 Bc8 27. Ba2+ Be6 28. Nxe6 Nxe6 29. Qh3 Nd5 30. Ng4 Qg5+ 31. Kb1 Nef4 32. Nh6+ Kf8 33. Qc8+ Ke7 34. Qb7+ Kf8 35. Qc8+ Ke7 36. g4 Kd6 37. Ng8 Rc7 38. Qf8+ Ne7 39. Nf6 Ne6 40. Ne4+ Kd7 41. Rd1+ Nd5 42. Qd6+ 1-0

[Event "Thanksgiving op U2100"]
[Site "Toronto CAN"]
[Date "2008.10.13"]
[Round "5"]
[White "Armstrong, Robert J"]
[Black "Prysiazny, Michael"]
[Result "1/2-1/2"]
[WhiteElo "1834"]
[BlackElo "1888"]
[PlyCount "51"]
[GameId "2160767910303022"]
[EventDate "2008.10.11"]
[EventType "swiss"]
[EventRounds "6"]
[EventCountry "CAN"]
[SourceTitle "EXT 2011"]
[Source "ChessBase"]
[SourceDate "2011.11.26"]
[SourceVersion "1"]
[SourceVersionDate "2011.11.26"]
[SourceQuality "1"]

1. d4 Nf6 2. c4 g6 3. Nc3 Bg7 4. e4 d6 5. f3 O-O 6. Be3 Nc6 7. Nge2 a6 8. g4 Rb8 9. Ng3 e5 10. d5 Nd4 11. h4 c5 12. h5 b5 13. hxg6 hxg6 14. cxb5 Bd7 15. Bg2 Qa5 16. Qc1 Bxb5 17. Bh6 Ne8 18. Bxg7 Nxg7 19. Qh6 f6 20. Qxg6 Qb4 21. Rh7 Nc2+ 22. Kd2 Qd4+ 23. Kc1 Qe3+ 24. Kd1 Qd3+ 25. Kc1 Qe3+ 26. Kd1 1/2-1/2

[Event "Thanksgiving op U2100"]
[Site "Toronto CAN"]
[Date "2008.10.13"]
[Round "6"]
[White "Kagramanov, Dalia"]
[Black "Armstrong, Robert J"]
[Result "0-1"]
[WhiteElo "1815"]
[BlackElo "1834"]
[PlyCount "98"]
[GameId "2160767910303023"]
[EventDate "2008.10.11"]
[EventType "swiss"]
[EventRounds "6"]
[EventCountry "CAN"]
[SourceTitle "EXT 2011"]
[Source "ChessBase"]
[SourceDate "2011.11.26"]
[SourceVersion "1"]
[SourceVersionDate "2011.11.26"]
[SourceQuality "1"]

1. e4 g6 2. Nf3 Bg7 3. d4 d6 4. Bc4 Nf6 5. Nc3 Nxe4 6. Nxe4 d5 7. Bxd5 Qxd5 8. Nc3 Qa5 9. O-O O-O 10. Bf4 Bg4 11. h3 Bxf3 12. Qxf3 Nc6 13. Nd5 Nxd4 14. Nxe7+ Kh8 15. Qd1 Rfe8 16. c3 Ne6 17. b4 Qb5 18. Nd5 Rad8 19. Nxc7 Rxd1 20. Nxb5 Rxa1 21. Rxa1 Nxf4 22. Nxa7 Bxc3 23. Rb1 Re1+ 24. Rxe1 Bxe1 25. a3 Nd3 26. Kf1 Bxf2 27. Nb5 Bg3 28. Ke2 Ne5 29. Nd6 b6 30. Nc8 Nd7 31. Kd3 Kg7 32. Kc4 Kf6 33. Kd5 g5 34. Kc6 Ke6 35. Nxb6 Nxb6 36. Kxb6 Kd5 37. a4 Bf2+ 38. Ka6 Kc6 39. b5+ Kc7 40. g4 Kb8 41. a5 f5 42. gxf5 Bd4 43. b6 h5 44. Kb5 g4 45. hxg4 hxg4 46. Kc6 g3 47. a6 g2 48. a7+ Ka8 49. Kc7 Be5+ 0-1

[Event "Toronto Closed"]
[Site "Toronto CAN"]
[Date "2008.01.22"]
[Round "1"]
[White "Barron, Michael"]
[Black "Barron, Irina"]
[Result "1/2-1/2"]
[WhiteElo "2351"]
[BlackElo "2083"]
[PlyCount "130"]
[GameId "2160767910442456"]
[EventDate "2008.01.22"]
[EventType "tourn"]
[EventRounds "9"]
[EventCountry "CAN"]
[SourceTitle "EXT 2011"]
[Source "ChessBase"]
[SourceDate "2011.11.26"]
[SourceVersion "1"]
[SourceVersionDate "2011.11.26"]
[SourceQuality "1"]

1. e4 b6 2. d4 Bb7 3. Nc3 e6 4. f4 f5 5. e5 Qh4+ 6. g3 Qd8 7. Nf3 Nh6 8. Bg2 Be7 9. O-O O-O 10. h3 Nf7 11. d5 Na6 12. Nd4 Bc5 13. dxe6 dxe6 14. Bxb7 Qxd4+ 15. Qxd4 Bxd4+ 16. Kg2 Nb4 17. Bxa8 Rxa8 18. Nb5 Nxc2 19. Nxc7 Rc8 20. Nxe6 Nxa1 21. Nxd4 Rc4 22. Nxf5 g6 23. Ne3 Ra4 24. a3 Nb3 25. Nd5 Rd4 26. Nf6+ Kg7 27. Be3 Rd3 28. Kf2 Na5 29. Rc1 Rb3 30. Bd4 Rd3 31. Bc3 Nb3 32. Re1 Nd4 33. Bxd4 Rxd4 34. Ke3 Rc4 35. Ne8+ Kf8 36. Nd6 Nxd6 37. exd6 Rc6 38. Rd1 Ke8 39. Ke4 Rc2 40. Ke5 Rxb2 41. Rd3 a5 42. d7+ Kd8 43. Kd6 a4 44. Re3 Rd2+ 45. Kc6 Rxd7 46. Kxb6 Rd4 47. Kc5 Rd2 48. Re4 Rg2 49. g4 Rg3 50. Rxa4 Rxh3 51. Kd6 Kc8 52. g5 Kb7 53. Rb4+ Ka6 54. a4 Ka5 55. Re4 Rh2 56. Ke6 Rh3 57. Kf6 Rh2 58. Kg7 Rh3 59. Kg8 Rh4 60. Re7 Kxa4 61. Rxh7 Rxf4 62. Rb7 Rf5 63. Kg7 Rxg5 64. Rb6 Rg2 65. Rxg6 Rf2 1/2-1/2

[Event "Toronto Closed"]
[Site "Toronto CAN"]
[Date "2008.01.22"]
[Round "1"]
[White "Casareno, Erwin"]
[Black "Yuan, Yuanling"]
[Result "1-0"]
[WhiteElo "2218"]
[BlackElo "2170"]
[PlyCount "97"]
[GameId "2160767910442457"]
[EventDate "2008.01.22"]
[EventType "tourn"]
[EventRounds "9"]
[EventCountry "CAN"]
[SourceTitle "EXT 2011"]
[Source "ChessBase"]
[SourceDate "2011.11.26"]
[SourceVersion "1"]
[SourceVersionDate "2011.11.26"]
[SourceQuality "1"]

1. e4 c5 2. Nf3 d6 3. d4 cxd4 4. Nxd4 Nf6 5. Nc3 g6 6. Be3 Bg7 7. f3 Nc6 8. Qd2 O-O 9. g4 Nxd4 10. Bxd4 Be6 11. O-O-O Qa5 12. a3 Rfc8 13. h4 Rab8 14. h5 b5 15. hxg6 hxg6 16. Qg5 Qc7 17. e5 dxe5 18. Bxe5 Qc6 19. Bxb8 Rxb8 20. Qf4 Qb6 21. Bd3 Rc8 22. Rde1 Rc6 23. Qb4 Qc7 24. Nxb5 Qb7 25. Qd4 Nd5 26. Qxa7 Qc8 27. Qa4 Rb6 28. Qe4 Qb8 29. a4 Nf4 30. Bc4 Bf6 31. Bxe6 Nxe6 32. Qc4 Qe8 33. b3 Rc6 34. Qe4 Nc5 35. Qe3 Ne6 36. f4 Qb8 37. g5 Bg7 38. Rh4 Qc8 39. Re2 Rc5 40. Reh2 f5 41. Re2 Kf7 42. Rh7 Kg8 43. Rh1 Kf7 44. Rhe1 Nf8 45. Qxe7+ Kg8 46. Nd6 Qc6 47. Qf7+ Kh8 48. Rh2+ Nh7 49. Re8+ 1-0